00332 a2200097 4500001001000000005001700010008004100027245010300068100002200171773004100193ART_5004620260410161631.0260409a 10aEstados financieros en moneda homogénea, ajuste por inflación impositivo e impuestos diferidos1 aZgaib, Alfredo O.0 tEnfoquesg- N°9 (sep. 2019)wREV416